000 01192nam a2200313 i 4500
003 DO-SdBNP
005 20240523153250.0
006 a||||fr|||| 00| 0
007 ta
008 240523t1986 dr ||||| |||| 00| 0 spa d
040 _aDO-SdBNP
_bspa
_cBNPHU
_erda
082 4 _222
_bP438p
100 1 _aPèrez Mèndez, Artagnan,
_d1929-2017
_977104
_eautor
245 1 0 _aProcedimiento civil:
_bla acción en justicia. la organización judicial, La competencia, la istancia, la setencia, las vías de recursos /
_cArtagnan Pérez Méndez; presentación de Jottin Cury
250 _a2da. edición
264 4 _aSanto Domingo :
_bTaller,
_c©1986
300 _a401 página ;
_c22 cm.
336 _2rdacontent
_atexto
_btxt
337 _2rdamedia
_asin mediación
_bn
338 _2rdacarrier
_avolumen
_bnc
500 _aLa biblioteca posee el volumen 1.
500 _aIncluyebibliografía y notas al pie de páginas.
500 _aIncluye tabla de las Materias.
504 _aBibliografía: página [55]
590 _aInventariado 2024 / MF
650 4 _aProcedimiento civil
_zRepública Dominicana
_916575
700 1 _aCury Elías, Jottin,
_d1920-2011
_975530
_eprólogo
942 _2ddc
_cLBS1
999 _c56746
_d56746